Word Ladder: RSVP Me! Quiz Stats

 Plays Quiz Updated Aug 18, 2017

Support Sporcle.
Go Orange.
Score 0/12 Timer 01:30
0 Plays Today
Hint 4-Letter Word % Correct
It's between May and JulyJUNE
98.4%
The color of many flamingosPINK
97.3%
Author of 'Emma' and 'Sense and Sensibility' AustenJANE
95.8%
Music style of The Ramones and Black FlagPUNK
91.5%
Street-term for heroin, popularized by BurroughsJUNK
89.9%
The shortest distance between two pointsLINE
88.9%
Fit in terms of mental acuitySANE
88.9%
Knight of Hyrule and protagonist of 'Zelda' seriesLINK
87%
Children's toy with colored pegs, ___-BriteLITE
86.8%
Idiom: 'I was a day ___ and a dollar short'LATE
86.5%
• Common RSVP intro: '[first rung] the ___' ••DATE•
69.7%
• Common RSVP intro: '___ the [last rung]' ••SAVE•
69.4%

Today's Daily Dose

Missing Word
Chiwetel Ejiofor

Word Ladder
ONG Words

Quick Pick
Dune

Get the Picture
Where in the Orchestra

From the Vault

Two Degrees of Separation - Egypt

by bikingguy

Geography 60s
If you walk like an Egyptian far enough, you'll eventually hit these places.
Remove Ads.
Support Sporcle.
Get the best of Sporcle when you Go Orange. This ad-free experience offers more features, more stats, and more fun while also helping to support Sporcle. Thank you for becoming a member.

Show Comments

Extras

Top Quizzes Today


Score Distribution

Your Account Isn't Verified!

In order to create a playlist on Sporcle, you need to verify the email address you used during registration. Go to your Sporcle Settings to finish the process.

Report this User

Report this user for behavior that violates our Community Guidelines.

Details: